000 00529cam a2200181 4500500
005 20260405003136.0
041 _afre
042 _adc
100 1 0 _aGoron, Gaëtan
_eauthor
245 0 0 _aPhilocroisés #63
260 _c2020.
500 _a31
690 _aGaëtan Goron
690 _aJeux
690 _aMots croisés
786 0 _nPhilosophie magazine | 142 | 9 | 2020-09-01 | p. 115-115 | 1951-1787
856 4 1 _uhttps://shs.cairn.info/magazine-philosophie-magazine-2020-9-page-115?lang=fr&redirect-ssocas=7080
999 _c2064744
_d2064744